|
|
|
|
| LEADER |
00000nas a2200000 a 4500 |
| 001 |
ssj0000493260 |
| 003 |
WaSeSS |
| 005 |
20200512172242.0 |
| 006 |
m d |
| 007 |
cr n |
| 008 |
100524c20119999enkqx pss 0 a0eng |
| 010 |
|
|
|a 2010203056
|
| 015 |
|
|
|a GBB683568
|2 bnb
|
| 016 |
7 |
|
|a 2620084-3
|2 DE-600
|
| 016 |
7 |
|
|a 017714046
|2 Uk
|
| 022 |
|
|
|a 2155-3777
|l 2155-3769
|y 2155-3769
|
| 035 |
|
|
|a (WaSeSS)ssj0000493260
|
| 037 |
|
|
|b Taylor & Francis, Sheepen Place, Colchester, Essex, CO3 3LP, UK
|c $323.00 (single issue)
|c $1,026.00 (online, 1 yr.)
|
| 040 |
|
|
|a DLC
|b eng
|e pn
|c DLC
|d DLC
|d CGU
|d HEBIS
|d DLC
|d OCLCQ
|d OCLCO
|d HUL
|d OCLCF
|d OCLCO
|d OCLCQ
|d DLC
|d UKMGB
|d VT2
|d DLC
|d WaSeSS
|
| 042 |
|
|
|a pcc
|a nsdp
|
| 050 |
0 |
0 |
|a QH301
|
| 082 |
1 |
0 |
|a 570
|2 15
|
| 130 |
0 |
|
|a Frontiers in life science (Online)
|
| 210 |
0 |
|
|a Front Life Sci
|b (Online)
|
| 222 |
|
0 |
|a Frontiers in life science
|b (Online)
|
| 245 |
1 |
0 |
|a Frontiers in life science
|h [electronic resource].
|
| 260 |
|
|
|a Abingdon, U.K. :
|b Taylor & Francis
|
| 310 |
|
|
|a 4 no. per year,
|b <2018->
|
| 321 |
|
|
|a Bimonthly
|
| 362 |
1 |
|
|a Began with: Vol. 5, issue 1/2 (2011).
|
| 506 |
|
|
|a License restrictions may limit access.
|
| 588 |
|
|
|a Description based on; vol. 5, issue 1/2 (2011); title from cover image (T. & F website, viewed on Nov. 23, 2012).
|
| 588 |
|
|
|a Latest issue consulted: Vol. 11, no. 1 (2018) (Taylor & Francis website, viewed Oct. 10, 2018).
|
| 650 |
|
0 |
|a Biology
|v Periodicals.
|
| 650 |
|
0 |
|a Life sciences
|v Periodicals.
|
| 650 |
|
0 |
|a Biophysics
|v Periodicals.
|
| 650 |
|
0 |
|a Biochemistry
|v Periodicals.
|
| 650 |
|
0 |
|a Bioengineering
|v Periodicals.
|
| 650 |
|
0 |
|a Bioinformatics
|v Periodicals.
|
| 650 |
|
0 |
|a Biotechnology
|v Periodicals.
|
| 650 |
|
0 |
|a Biomathematics
|v Periodicals.
|
| 650 |
|
7 |
|a Biochemistry.
|2 fast
|0 (OCoLC)fst00831961
|
| 650 |
|
7 |
|a Bioengineering.
|2 fast
|0 (OCoLC)fst00832028
|
| 650 |
|
7 |
|a Bioinformatics.
|2 fast
|0 (OCoLC)fst00832181
|
| 650 |
|
7 |
|a Biology.
|2 fast
|0 (OCoLC)fst00832383
|
| 650 |
|
7 |
|a Biomathematics.
|2 fast
|0 (OCoLC)fst00832555
|
| 650 |
|
7 |
|a Biophysics.
|2 fast
|0 (OCoLC)fst00832656
|
| 650 |
|
7 |
|a Biotechnology.
|2 fast
|0 (OCoLC)fst00832729
|
| 650 |
|
7 |
|a Life sciences.
|2 fast
|0 (OCoLC)fst00998323
|
| 655 |
|
0 |
|a Electronic journals.
|
| 776 |
0 |
8 |
|i Print version:
|t Frontiers in life science (Print)
|x 2155-3769
|w (DLC) 2010203055
|w (OCoLC)630057520
|
| 780 |
0 |
0 |
|t HFSP journal
|x 1955-205X
|w (DLC) 2019204523
|w (OCoLC)236093673
|
| 850 |
|
|
|a DLC
|
| 856 |
4 |
0 |
|z Full text available from Research Library: 01/01/2017 to 01/31/2017
|u https://search.proquest.com/publication/3933179
|